Mudanças (Registo nº 1003)
[ vista simples ]
| 000 -Etiqueta do registo | |
|---|---|
| Cabeçalho | 01067nam0a2200373 i 4500 |
| 005 - Identificador da versão | |
| Campo de controlo | 20240813121821.0 |
| 021 ## - Número do Depósito Legal | |
| Código do país | PT |
| 035 ## - Other System Control Numbers | |
| System Control Number | 0001068 |
| System Control Number | 0001051 |
| 071 0# - Número do editor (registos sonoros e música) | |
| Número do editor | 11321/07 |
| 100 ## - Dados gerais de processamento | |
| Dados gerais de processamento | 20091216d2007 a y0pory5003 ba |
| 102 ## - Pais de publicação ou produção | |
| País de publicação | Portugal |
| 101 0# - Língua de publicação | |
| Língua do texto, banda sonora, etc. | Português |
| Língua do documento no original | Inglês |
| Língua das legendas | Português |
| 115 ## - Campo de dados codificados: Projecções Visuais, Filmes e Vídeos | |
| Dados modificados - geral | a19 bbz zzz z xxc |
| 106 ## - Campo de dados codificados: material textual | |
| Dados codificados do material textual | r |
| 105 ## - Campo de dados codificados: livros | |
| Dados codificados dos livros | y z 001yy |
| 215 ## - Descrição física | |
| Indicação específica da natureza do documento e extensão da espécie | 1 DVD (PAL) (19 min.) |
| Outras indicações físicas | col., son. |
| 200 1# - Titulo e menção de responsabilidade | |
| Título próprio | Mudanças |
| Indicação geral da natureza do documento | Documento electrónico |
| Primeira menção de responsabilidade | real. Moira Simpson |
| Outras menções de responsabilidade | texto John Carrol |
| 225 2# - Colecção | |
| Título próprio da colecção | Crescer |
| Menção de responsabilidade relativa à colecção | Flaminia |
| Nome de uma parte ou secção | vídeo educativo |
| 210 ## - Publicação, Distribuição, etc. | |
| Lugar da edição, distribuição, etc. | PT |
| Nome do editor, distribuidor, etc. | Flaminia |
| Data da publicação, distribuição, etc. | 2007 |
| 323 ## - Nota ao elenco (material de projecção e video de registos sonoros) | |
| Texto da nota | Elenco: Barbara Duncan, Blu Mankuma |
| 322 ## - Nota aos responsáveis artísticos e técnicos (material de projecção e video e registos sonoros) | |
| Texto da nota | Produção: Office National du Film du Canada |
| 305 ## - Notas relativas à edição e história bibliográfica da publicação | |
| Texto da nota | data do lançamento: 2007 |
| 333 ## - Nota relativa aos potenciais utilizadores | |
| Texto da nota | Para maiores de 9 anos - Filme de qualidade |
| 304 ## - Notas relativas a título e menção de responsabilidade | |
| Texto da nota | Tít. orig.: |
| 606 ## - Nome comum usado como assunto | |
| Número de registo de entrada de autoridade | 0001353 |
| Palavra de ordem | Documentário |
| 675 ## - Classificação Decimal Universal (CDU) | |
| Notação | 613.88 |
| Edição | BN |
| Língua da edição | por |
| 686 ## - Outras classificações numéricas | |
| Notação | 764.1 |
| Código | FIAF |
| 942 ## - Elementos de entrada adicionados (Koha) | |
| Tipo de item no Koha | Livro |
| Situação do levantamento | Origin of item (home branch) (coded) | Biblioteca de empréstimo | Código de barras | Cota | Circulation type (not for loan) | Tipo de documento | Nota do exemplar | Damaged status |
|---|---|---|---|---|---|---|---|---|
| Biblioteca Escolar Eng. Nuno Mergulhão | Biblioteca Escolar Eng. Nuno Mergulhão | BENM1757 | 1758 DVD | DVD | Sem mensagem |
